Welcome to the Holygrace Academy Library

Please use search bar below to get started

STUDENTS TOTAL A+ GRADE WINNER (Record no. 1856)

MARC details
000 -LEADER
fixed length control field 00291nam a22001217a 4500
082 ## - DEWEY DECIMAL CLASSIFICATION NUMBER
Classification number 001
Item number PIL/S
100 ## - MAIN ENTRY--AUTHOR NAME
Personal name PILLAI, PARAMESWARAN, P
245 ## - TITLE STATEMENT
Title STUDENTS TOTAL A+ GRADE WINNER
260 ## - PUBLICATION, DISTRIBUTION, ETC. (IMPRINT)
Place of publication TRIVANDRUM
Name of publisher HI-MARK PUBLICATION
300 ## - PHYSICAL DESCRIPTION
Number of Pages 639
650 ## - SUBJECT ADDED ENTRY--TOPICAL TERM
Topical Term PROJECT STUDY
Geographic subdivision INDIA
942 ## - ADDED ENTRY ELEMENTS (KOHA)
Koha item type Books
Holdings
Withdrawn status Lost status Collection code Home library Current library Shelving location Date acquired Source of acquisition Cost, normal purchase price Full call number Accession Number Koha item type
    Reference Main Library Main Library SHELF 1-C ENCYCLOPEDIAS ,G K REFERENCE 01/06/2017 purchase 145.00 001 PIL/S 04399 Books